Minas de Antioquia (Registro nro. 300666)

Detalles MARC
000 -ENCABEZADO
Número de control [NR] 00925 a2200229 4500
005 - FECHA Y HORA DE LA ÚLTIMA TRANSACCIÓN
control field 20150904115335.0
008 - DE LONGITUD FIJA DE DATOS DE ELEMENTOS - INFORMACIÓN GENERAL
Elementos de longitud fija [NR] 150831s2013 ck a fr|||| 001 0 spa d
020 ## - NUMERO INTERNACIONAL NORMALIZADO PARA LIBROS [R]
Número Internacional Normalizado del libro [NR] 9789585719286
040 ## - FUENTE DE CATALOGACION [NR]
Agencia de catalogación original [NR] CO-BoUCM
Idioma de catalogación [NR] spa
Quien Cataloga Sandra Palacio
Quien Clasifica Sandra Palacio
041 0# - CODIGO DE IDIOMA [R]
Código de idioma para texto/pista de sonido o título separado [R] Español
100 1# - ASIENTO PRINCIPAL--NOMBRE PERSONAL [NR]
Nombre personal [NR] Mesa Jaramillo, José M.
ID Autoridad 71198
245 10 - MENCION DE TITULO [NR]
Título [NR] Minas de Antioquia
Parte restante del título [NR] catálogo de las que se han titulado en 161 años desde 1739 hasta 1900
Mención de responsabilidad, etc. [NR] José M. Mesa Jaramillo
260 ## - PUBLICACION, DISTRIBUCION, ETC. (PIE DE IMPRENTA) [R]
Fecha de publicación, distribución, etc. [R] 2013
Nombre del editor, distribuidor, etc. [R] Corporación Universitaria Remington
Lugar de publicación, distribución, etc. [R] Medellín (Antioquia, Colombia)
300 ## - DESCRIPCION FISICA [R]
Extensión [R] 405 páginas
500 ## - NOTA GENERAL [R]
Nota general [NR] Incluye índice
650 #7 - ASIENTO SECUNDARIO DE MATERIA - TERMINO TEMATICO [R]
9 (RLIN) 19560
Término temático o nombre geográfico como elemento de entrada [NR] Minas
Subdivisión cronológica [R] 1739-1900
Subdivisión geográfica [R] Antioquia (Colombia)
650 #7 - ASIENTO SECUNDARIO DE MATERIA - TERMINO TEMATICO [R]
9 (RLIN) 19560
Término temático o nombre geográfico como elemento de entrada [NR] Minas
Subdivisión de forma [R] Catalogos
Subdivisión cronológica [R] 1739-1900
Subdivisión geográfica [R] Antioquia (Colombia)
690 ## - ASUNTO AGREGADO LOCAL DE ENTRADA - TÉRMINO TEMÁTICO (OCLC, RLIN)
9 (RLIN) 42845
Acceso temático local Historia de Colombia
710 ## - ASIENTO SECUNDARIO - NOMBRE CORPORATIVO [R]
Nombre corporativo o de jurisdicción como elemento de entrada [NR] Expedición Antioquia 2013
9 (RLIN) 71199
942 ## - ELEMENTOS DE ENTRADA AGREGADOS (KOHA)
Sistema de clasificación DEWEY
Tema principal Historia
Tipo de ítem principal el descrito en 300a Libro
Edición 1
Clasificación 986.1029861
Parte restante de la signatura top. M578
Existencias
Fecha de último préstamo Total préstamos Signatura topográfica Código de barras Última vez visto Ejemplar Costo de reposición Price effective from Tipo de ítem Perdido Sistema de clasificación Dañado No prestable Tipo de ítem específico Suprimido Ubicación habitual Ubicación actual Localización Fecha de creación Proveedor Forma de adquisición Costo
22/03/2023 2 986.1029861 M578 100147177 09/12/2025 Ej.1 26000.00 30/07/2015 Libro   DEWEY     Libro   Claustro Claustro 2do piso 30/07/2015 12 Donación 0.00